000 02228cam a22004814i 4500
003 PE-LiUPU
005 20250731172957.0
008 150623s r 000 0 d
020 _a0805463569
035 _a(Sirsi) i9780805463569
040 _aPE-LiUPU
_bspa
_cPE-LiUPU
_erda
049 _aPRUA
082 0 4 _a262.1
_bB83
_221
100 1 _aBriner, Bob,
_eautor.
245 1 4 _aThe leadership lessons of Jesus :
_ba timeless model for today's leaders /
_cBob Briner y Ray Pritchard.
264 1 _aNashville, Tennessee :
_bBroadman & Holman Publishers,
_c1997.
300 _a161 páginas ;
_c20 centímetros
336 _atext
_2rdacontent
337 _aunmediated
_2rdamedia
338 _avolume
_2rdacarrier
505 0 _aWho speaks for you?. -A call to leadership. -Temptation is a part of leadership. -leaders call followers. -Leaders teach with authority. -A leader takes care of his people. -leadership requires discipline. -Leaders care. -Leadership and timing. -Leader should expect tue unexpected. -Leaders are teachers. -Choosing a team. -Eating with the troops. -Facing opposition. -A new way of thinking. -Leading with and through traditions. -Unwarranted attacks - be ready!. -The inner core. -Leaders plan. -Authority the staff of leadership. -Leaders tell stories. -Unity, a leadership requirement. -leaders are often unappreciated. -Special relationships. -You win some: you lose some.
526 _aSEG42
526 _aSEG41
526 _aSEG40
526 _aSEG39
526 _aP94
526 _aP87
526 _aP86
526 _aP85
526 _aP77
526 _aP76
526 _aP35
600 1 _aJesucristo
_xLiderazgo
630 _aBiblia.
_pN.T.
_pMarcos
_vMeditaciones.
650 0 4 _aLiderazgo cristiano.
700 1 _aPritchard, Ray,
_d1952-,
_eautor.
942 _2ddc
_cBOOK
949 _a262.1 B83
_wDEWEY
_c1
_i45374
_lCCODEBUL1
_mBUL
_r0
_sY
_tBOOK
_u2015-6-24
_xTEOLOGIA
_PP35
_0COMPRA
_o.STAFF. Colección General
994 _aC0
_bPEPRU
596 _a1
999 _a262.1 B83
_wDEWEY
_c22239
_i45374
_f2021-11-12
_g5
_lCCODEBUL1
_mBUL
_r0
_sY
_tBOOK
_u2015-6-24
_xTEOLOGIA
_PP35
_0COMPRA
_o.STAFF. Colección General
_d22239
980 _81
_gALBERTO SANCHEZ Responsable de Automatización